HUMAN PHYSIOLOGY -2 (Record no. 1260)
[ view plain ]
| 000 -LEADER | |
|---|---|
| fixed length control field | 00336nam a2200145Ia 4500 |
| 008 - FIXED-LENGTH DATA ELEMENTS--GENERAL INFORMATION | |
| fixed length control field | 150201s2011 xx 000 0 und d |
| 082 ## - DEWEY DECIMAL CLASSIFICATION NUMBER | |
| Classification number | 612 |
| Item number | P11J |
| 100 ## - MAIN ENTRY--PERSONAL NAME | |
| Personal name | JAIN, A.K. |
| 245 ## - TITLE STATEMENT | |
| Title | HUMAN PHYSIOLOGY -2 |
| 250 ## - EDITION STATEMENT | |
| Edition statement | 4TH |
| 260 ## - PUBLICATION, DISTRIBUTION, ETC. (IMPRINT) | |
| Name of publisher, distributor, etc. | ARICHAL |
| Place of publication, distribution, etc. | DELHI |
| Date of publication, distribution, etc. | 2011 |
| 300 ## - PHYSICAL DESCRIPTION | |
| Extent | 1-1154 |
| 650 ## - SUBJECT ADDED ENTRY--TOPICAL TERM | |
| Topical term or geographic name as entry element | HUMAN PHYSIOLOGY |
| 942 ## - ADDED ENTRY ELEMENTS (KOHA) | |
| Source of classification or shelving scheme | Dewey Decimal Classification |
| Koha item type | Books |
| Koha issues (borrowed), all copies | 82 |
| Withdrawn status | Lost status | Source of classification or shelving scheme | Damaged status | Not for loan | Collection code | Home library | Current library | Shelving location | Date acquired | Source of acquisition | Cost, normal purchase price | Serial Enumeration / chronology | SGTU | Bill Number | Total Checkouts | Full call number | Barcode | Date last seen | Date last checked out | Bill Date | Koha item type |
|---|---|---|---|---|---|---|---|---|---|---|---|---|---|---|---|---|---|---|---|---|---|
| Dewey Decimal Classification | MEDICAL | SGT Medical Library | SGT Medical Library | Text Book | 11/11/2011 | UBS | 550.00 | II | SGTU | 518 | 17 | 612 P11J | FM4788 | 12/11/2025 | 12/11/2025 | 17/11/2011 | Books | ||||
| Dewey Decimal Classification | MEDICAL | SGT Medical Library | SGT Medical Library | Text Book | 11/11/2011 | UBS | 550.00 | II | SGTU | 518 | 17 | 612 P11J | FM4789 | 17/12/2025 | 10/12/2025 | 17/11/2011 | Books | ||||
| Dewey Decimal Classification | MEDICAL | SGT Medical Library | SGT Medical Library | Text Book | 11/11/2011 | UBS | 550.00 | II | SGTU | 518 | 25 | 612 P11J | FM4790 | 24/11/2025 | 17/11/2025 | 17/11/2011 | Books | ||||
| Dewey Decimal Classification | MEDICAL | SGT Medical Library | SGT Medical Library | Text Book | 11/11/2011 | UBS | 550.00 | II | SGTU | 518 | 27 | 612 P11J | FM4791 | 06/04/2026 | 16/03/2026 | 17/11/2011 | Books | ||||
| Dewey Decimal Classification | MEDICAL | SGT Medical Library | SGT Medical Library | Text Book | 11/11/2011 | UBS | 550.00 | II | SGTU | 518 | 53 | 612 P11J | FM4792 | 22/11/2025 | 10/11/2025 | 17/11/2011 | Books |